Space Objects by Magnitude - Statistics

General Stats
  • This quiz has been taken 11 times
  • The average score is 11 of 29
Answer Stats
Hint Answer % Correct
-26.74 Sun
100%
-2.20 Jupiter
89%
0.71 Mars
89%
0.23 Mercury
89%
-10.79 Moon
89%
0.46 Saturn
89%
-4.14 Venus
89%
0.42 Betelgeuse
78%
-1.46 Sirius
78%
-0.05 Arcturus
44%
0.13 Rigel
44%
0.86 Aldebaran
33%
-0.29 Alpha Centauri
33%
0.91 Antares
33%
0.03 Vega
33%
-0.74 Canopus
22%
1.25 Deneb
22%
0.77 Altair
11%
0.61 Beta Centauri
11%
1.16 Fomalhaut
11%
0.13 Large Magellanic Cloud
11%
1.14 Pollux
11%
0.37 Procyon
11%
0.97 Spica
11%
0.79 Acrux
0%
0.08 Capella
0%
1.50 Epsilon Canis Majoris
0%
1.25 Mimosa
0%
1.40 Regulus
0%
No matching quizzes found
Score Distribution
Percent of People with Each Score
Percentile by Number Answered
Your Score History
You have not taken this quiz